Hind. (Record no. 45056)

MARC details
000 -LEADER
fixed length control field 00505cam a22001931 4500
001 - CONTROL NUMBER
control field ne 62000436
003 - CONTROL NUMBER IDENTIFIER
control field DLC
005 - DATE AND TIME OF LATEST TRANSACTION
control field 20260227111735.0
008 - FIXED-LENGTH DATA ELEMENTS--GENERAL INFORMATION
fixed length control field 930621s1943 tu 000 0 tur
010 ## - LIBRARY OF CONGRESS CONTROL NUMBER
LC control number ne 62000436
035 ## - SYSTEM CONTROL NUMBER
System control number (OCoLC)28307559
040 ## - CATALOGING SOURCE
Original cataloging agency DLC
Transcribing agency CU
Modifying agency CU
-- DLC
050 00 - LIBRARY OF CONGRESS CALL NUMBER
Classification number DS413
Item number .A9
100 1# - MAIN ENTRY--PERSONAL NAME
Personal name Atay, Falih Rıfkı,
Dates associated with a name 1893-1971.
245 00 - TITLE STATEMENT
Title Hind.
260 ## - PUBLICATION, DISTRIBUTION, ETC.
Place of publication, distribution, etc. [İstanbul]
Name of publisher, distributor, etc. S. Lûtfi Kitabevi
Date of publication, distribution, etc. [1943?]
300 ## - PHYSICAL DESCRIPTION
Extent 282 p.
Dimensions 20 cm.
651 #0 - SUBJECT ADDED ENTRY--GEOGRAPHIC NAME
Geographic name India
General subdivision Description and travel.

No items available.

Powered by Koha